000 01309nac a22003131u 4500
010 _a 2004054707
020 _a0333962648
020 _a0333962656 (pbk.)
035 _a(OCoLC)ocm55738311
082 0 0 _a320.5401
_bDAY
090 _c6955
_d6955
100 _aDay, Graham.
245 1 0 _aTheorizing nationalism /
_cGraham Day and Andrew Thompson ; consultant editor, Jo Campling.
260 _aBasingstoke, Hampshire ;
_aNew York :
_bPalgrave Macmillan,c.2004.
_cc.2004.
300 _axii, 223 p. ;
_c22 cm.
500 _aDistributer: Al-Ahram.
504 _aIncludes bibliographical references (p. 199-213) and index.
511 _aCatalogued By: Mahitab.
650 0 _aNationalism.
650 0 _aState, The.
650 0 _aPolitical sociology.
650 0 _aEthnicity.
700 1 _aThompson, Andrew,
_d1968-
856 4 1 _3Table of contents only
_uhttp://www.loc.gov/catdir/toc/hol052/2004054707.html
856 4 1 _3Contributor biographical information
_uhttp://www.loc.gov/catdir/enhancements/fy0618/2004054707-b.html
856 4 1 _3Publisher description
_uhttp://www.loc.gov/catdir/enhancements/fy0618/2004054707-d.html
942 _cBB
_k320.5401DAY
999 _c6955
_d6955